LEADER 01307nam a2200253 4500 001 000000346342 003 CaOOAMICUS 005 20210531165753.0 008 210531s2000 it a 000 u ita r 020 $a88-499-0041-4 040 $aSeMil$bita 100 1 $aSpreafico, Serafino,$c.$0(OLS)http://semarc/name/19694 245 13$aIl santo Rosario meditato :$balla scuola del beato Padre Pio da Pietrelcina /$cmons. Serafino Spreafico ; [in collaborazione con don Paolo Medici]. 264 1$aSan Giovanni Rotondo :$bEdizioni Padre Pio da Pietrelcina,$c2000. 300 $a155 p. :$bill. ;$c19 cm 650 4$aRosario - Meditazioni.$0(OLS)http://semarc/subject/5135 650 4$aPio : da Pietrelcina - Spiritualità.$0(OLS)http://semarc/subject/50015 700 1 $aMedici, Paolo,$c.$0(OLS)http://semarc/name/114014 850 $aSeMil 852 $aSeMil$W1$xVenegono$y1$m2C I 700$j227217$B237401$CSeMilBibl$Z2$F237401 $81 996 $6020$a88-499-0041-4$9(OLS)http://semarc/number/293356 996 $6245$aIl santo Rosario meditato :$balla scuola del beato Padre Pio da Pietrelcina$9(OLS)http://semarc/title/435541 996 $6264$aSan Giovanni Rotondo :$bEdizioni Padre Pio da Pietrelcina$9(OLS)http://semarc/publisher/57959 LEADER 01162nam a2200265 i 4500 001 000000031950 003 CaOOAMICUS 005 20220322124327.0 008 180830s1719 fr u000 u fre u 040 $aSeMil$bita 100 1 $aLa Rue, Charles : de,$d<1643-1725>.$0(OLS)http://semarc/name/11966 245 10$aSermons du père De La Ruë, de la Compagnie de Jésus. Pour le carêsme. Tome 1. [-3.]. 250 $aSeconde edition 260 $aA Lyon :$bChez Anisson & Posuel,$c1719. 300 $a3 v. ;$c12°. 500 $aFregio xilogr. sui front. 650 4$aPrediche, omelie, sermoni - Sec. 18.-19.$0(OLS)http://semarc/subject/5107 700 0 $aPosuel, Jean,$c.$0(OLS)http://semarc/name/3063 700 1 $aAnisson, Jean,$c.$0(OLS)http://semarc/name/3062 774 0 $tTome 1.$g1$w()242159 774 0 $tTome 3.$g3$w()242160 774 0 $tTome 2.$g2$w()242161 996 $6245$aSermons du père De La Ruë, de la Compagnie de Jésus. Pour le carêsme. Tome 1. [-3.]$9(OLS)http://semarc/title/43349 996 $6260$aA Lyon :$bChez Anisson & Posuel$9(OLS)http://semarc/publisher/39025